| 000 | 00573nam a2200157 a 4500 | ||
|---|---|---|---|
| 001 | 000033762 | ||
| 005 | 20200930070511.0 | ||
| 008 | 110526s1777 sp 000 | spa d | ||
| 040 |
_aDO-SdBNP _bspa _cBNPHU |
||
| 082 |
_axxx _bZ35r |
||
| 100 | 1 |
_aLuis, de Granada _d1504-1588 _959182 |
|
| 245 | 1 | 0 |
_aGuía de pecadores : _ben la cual se contiene una larga y copiosa exhortación a la virtud, y guarda de los mandamientos divinos / _cLuis de Granada. |
| 260 |
_aMadrid : _bEn la Imprenta y Librería de D. Manuel Martín, _c1777. |
||
| 300 |
_a423 p. ; _c21 cm. |
||
| 049 | _aBNPD | ||
| 999 |
_c33253 _d33253 |
||